[Event "Rilton Cup 51st"]
[Site "Stockholm"]
[Date "2024.01.04"]
[Round "8"]
[White "Bellon Lopez, Juan Manuel"]
[Black "Costa, Leonardo"]
[Result "0-1"]
[WhiteElo "2260"]
[BlackElo "2472"]
[PlyCount "80"]
[EventDate "2023.12.27"]
[EventType "swiss"]
[EventRounds "9"]
[EventCountry "SWE"]
[SourceTitle "CB02_2024"]
[SourceDate "2024.01.10"]
[SourceVersion "1"]
[SourceVersionDate "2024.01.10"]
[SourceQuality "1"]

1. d4 Nf6 2. Nf3 d5 3. c4 e6 4. Nc3 dxc4 5. Qa4+ Nbd7 6. e3 Be7 7. Qxc4 a6 8. a4 b5 9. Qd3 b4 10. Ne4 Bb7 11. Nxf6+ Nxf6 12. b3 0-0 13. Bb2 Ne4 14. Nd2 Nc3 15. Rc1 Rc8 16. f3 c5 17. dxc5 Rxc5 18. Qxd8 Rxd8 19. Be2 f5 20. Nc4 Bh4+ 21. g3 Bf6 22. Rc2 g5 23. Kf2 Kf7 24. Bxc3 bxc3 25. Rd1 Rxd1 26. Bxd1 Ke7 27. Rc1 h5 28. Be2 g4 29. f4 Rc8 30. Bd3 Rd8 31. Bf1 Bf3 32. Ke1 Rb8 33. Ne5 Rxb3 34. Bxa6 Ra3 35. Nxf3 gxf3 36. Bb7 Rxa4 37. Bxf3 Ra2 38. Bxh5 Rxh2 39. Bf3 c2 40. Kf1 Bb2 0-1

[Event "Colonia de Sant Jordi op 2nd"]
[Site "Colonia de Sant Jordi"]
[Date "2023.06.12"]
[Round "3"]
[White "Bellon Lopez, Juan Manuel"]
[Black "Khandelwal, Ankush"]
[Result "0-1"]
[WhiteElo "2274"]
[BlackElo "2221"]
[PlyCount "60"]
[EventDate "2023.06.10"]
[EventType "swiss"]
[EventRounds "9"]
[EventCountry "ESP"]
[SourceTitle "CBM 214 Extra"]
[Source "ChessBase"]
[SourceDate "2023.07.31"]
[SourceVersion "1"]
[SourceVersionDate "2023.07.31"]
[SourceQuality "1"]

1. d4 Nf6 2. Bg5 Ne4 3. Be3 d5 4. Nd2 Bf5 5. g3 c5 6. Ngf3 Nxd2 7. Qxd2 cxd4 8. Nxd4 Be4 9. f3 Bg6 10. f4 Be4 11. Nf3 Nc6 12. Bg2 e5 13. a3 Na5 14. 0-0 Nc4 15. Qc1 Nxe3 16. Qxe3 Rc8 17. fxe5 Rxc2 18. b4 Be7 19. Qxa7 Rxe2 20. Qxb7 0-0 21. Rac1 d4 22. Qc7 d3 23. Qc4 Qa8 24. Rf2 Qxa3 25. Rxe2 dxe2 26. Ne1 Qe3+ 27. Kh1 Qf2 28. h4 Bxb4 29. Qxe4 Bxe1 30. Rc2 Bd2 0-1

[Event "Norrkoeping Easter op"]
[Site "Norrkoeping"]
[Date "2023.04.07"]
[Round "2"]
[White "Bellon Lopez, Juan Manuel"]
[Black "Jakenberg, Jussi"]
[Result "1-0"]
[WhiteElo "2296"]
[BlackElo "2039"]
[PlyCount "69"]
[EventDate "2023.04.07"]
[EventType "swiss"]
[EventRounds "8"]
[EventCountry "SWE"]
[SourceTitle "CBM 213 Extra"]
[Source "ChessBase"]
[SourceDate "2023.05.31"]
[SourceVersion "1"]
[SourceVersionDate "2023.05.31"]
[SourceQuality "1"]

1. d4 d6 2. g3 Nd7 3. e4 e5 4. Ne2 Ngf6 5. Nbc3 c6 6. a4 Be7 7. Bg2 0-0 8. h3 Re8 9. 0-0 b6 10. Re1 a6 11. f4 Bb7 12. g4 h6 13. Be3 b5 14. Ng3 b4 15. Nce2 exd4 16. Nxd4 c5 17. Ndf5 Bf8 18. e5 Bxg2 19. exf6 Bb7 20. fxg7 Bxg7 21. Nxg7 Kxg7 22. Nf5+ Kh7 23. Qxd6 Re6 24. Qd2 Qc7 25. Kh2 Qc6 26. Rad1 Rae8 27. Rg1 Nf6 28. c4 bxc3 29. Qxc3 Rg8 30. Qc2 Qe4 31. Qxe4 Bxe4 32. Nd6 Bc2 33. Rd2 Rxe3 34. Rxc2 Kg7 35. Nf5+ 1-0

[Event "Norrkoeping Easter op"]
[Site "Norrkoeping"]
[Date "2023.04.07"]
[Round "3"]
[White "Wahlstrom, Lennart"]
[Black "Bellon Lopez, Juan Manuel"]
[Result "1-0"]
[WhiteElo "2114"]
[BlackElo "2296"]
[PlyCount "57"]
[EventDate "2023.04.07"]
[EventType "swiss"]
[EventRounds "8"]
[EventCountry "SWE"]
[SourceTitle "CBM 213 Extra"]
[Source "ChessBase"]
[SourceDate "2023.05.31"]
[SourceVersion "1"]
[SourceVersionDate "2023.05.31"]
[SourceQuality "1"]

1. e4 c5 2. Nf3 e6 3. d4 cxd4 4. Nxd4 a6 5. Be2 Nf6 6. Nc3 Qc7 7. 0-0 d6 8. Be3 b5 9. f4 b4 10. e5 bxc3 11. exf6 gxf6 12. bxc3 f5 13. Bf3 Bb7 14. Rb1 Bxf3 15. Qxf3 d5 16. c4 Qxc4 17. Qh5 Bc5 18. Rb7 Rf8 19. Nxf5 Bxe3+ 20. Nxe3 Qc5 21. Re1 Nd7 22. Kh1 d4 23. Nd5 Rc8 24. Rxe6+ Kd8 25. Qh4+ f6 26. Nxf6 Rxf6 27. Rxf6 Ke8 28. Re6+ Kf8 29. Rxd7 1-0

[Event "SWE-chT 2223 Elite"]
[Site "Sweden"]
[Date "2023.03.12"]
[Round "9.2"]
[White "Trost, Edvin"]
[Black "Bellon Lopez, Juan Manuel"]
[Result "1-0"]
[WhiteElo "2347"]
[BlackElo "2318"]
[PlyCount "85"]
[EventDate "2022.10.14"]
[EventType "team-tourn"]
[EventRounds "9"]
[EventCountry "SWE"]
[SourceTitle "CBM 213 Extra"]
[Source "ChessBase"]
[SourceDate "2023.05.31"]
[SourceVersion "1"]
[SourceVersionDate "2023.05.31"]
[SourceQuality "1"]
[WhiteTeam "Stockholm Rockaden"]
[BlackTeam "Wasa"]
[WhiteTeamCountry "SWE"]
[BlackTeamCountry "SWE"]

1. d4 Nf6 2. c4 c5 3. d5 b5 4. cxb5 a6 5. bxa6 g6 6. Nc3 Bxa6 7. e4 Bxf1 8. Kxf1 d6 9. Nf3 Bg7 10. g3 0-0 11. Kg2 Qb6 12. Qe2 Nbd7 13. a4 Ne8 14. h4 Qa6 15. Qc2 Qc4 16. h5 Ne5 17. Nxe5 Bxe5 18. Bg5 Nf6 19. Rh4 Nxh5 20. Bxe7 Rfe8 21. Bxd6 Bxd6 22. e5 Qa6 23. exd6 Qxd6 24. Rd1 f5 25. Nb5 Qe5 26. Qc3 Nf6 27. d6 Qxc3 28. bxc3 Rad8 29. Rhh1 Rd7 30. a5 Ra8 31. Ra1 Ra6 32. Rhd1 Ne8 33. Rd5 c4 34. Rd4 Kf7 35. Rxc4 Nxd6 36. Rd4 Ke6 37. Rad1 Nxb5 38. Re1+ Kf6 39. Rxd7 Nxc3 40. Ra1 h5 41. Rb7 Nd5 42. Rb5 Rd6 43. a6 1-0

[Event "SWE-chT 2223 Elite"]
[Site "Sweden"]
[Date "2023.03.11"]
[Round "8.5"]
[White "Johnson, Bjorn"]
[Black "Bellon Lopez, Juan Manuel"]
[Result "0-1"]
[WhiteElo "2206"]
[BlackElo "2318"]
[PlyCount "46"]
[EventDate "2022.10.14"]
[EventType "team-tourn"]
[EventRounds "9"]
[EventCountry "SWE"]
[SourceTitle "CBM 213 Extra"]
[Source "ChessBase"]
[SourceDate "2023.05.31"]
[SourceVersion "1"]
[SourceVersionDate "2023.05.31"]
[SourceQuality "1"]
[WhiteTeam "Eksjo"]
[BlackTeam "Wasa"]
[WhiteTeamCountry "SWE"]
[BlackTeamCountry "SWE"]

1. f4 d5 2. Nf3 g6 3. e3 Bg7 4. d4 Nh6 5. Bd3 c5 6. c3 Qc7 7. 0-0 0-0 8. h3 Nf5 9. g4 Nd6 10. Nbd2 b6 11. Rf2 a5 12. Ne5 f6 13. Nxg6 hxg6 14. Bxg6 e5 15. h4 cxd4 16. exd4 exd4 17. Nb3 Nc6 18. Nxd4 Nxd4 19. Qxd4 Qc5 20. Qd3 Bxg4 21. Be3 Qc4 22. Bh7+ Kh8 23. Qg6 Bf5 0-1

[Event "Skara Vastgota op"]
[Site "Skara"]
[Date "2023.02.19"]
[Round "9"]
[White "Bjorkeroth, Johan"]
[Black "Bellon Lopez, Juan Manuel"]
[Result "0-1"]
[WhiteElo "2132"]
[BlackElo "2303"]
[PlyCount "84"]
[EventDate "2023.02.18"]
[EventType "swiss"]
[EventRounds "9"]
[EventCountry "SWE"]
[SourceTitle "CBM 212 Extra"]
[Source "ChessBase"]
[SourceDate "2023.03.31"]
[SourceVersion "1"]
[SourceVersionDate "2023.03.31"]
[SourceQuality "1"]

1. Nf3 c5 2. c4 Nc6 3. Nc3 Nd4 4. e3 Nxf3+ 5. Qxf3 g6 6. b3 Bg7 7. Bb2 Rb8 8. Rd1 Nh6 9. Bd3 d6 10. Qg3 0-0 11. h4 Nf5 12. Bxf5 Bxf5 13. h5 b5 14. hxg6 Bxg6 15. f4 bxc4 16. f5 Bxf5 17. Nd5 e5 18. Bc3 cxb3 19. Ba5 Rb6 20. Bxb6 axb6 21. axb3 Bc2 22. Ra1 Be4 23. Nc3 Bg6 24. e4 f5 25. exf5 Rxf5 26. Ra7 d5 27. Nb5 e4 28. Nc7 Be5 29. Qxe5 Rxe5 30. Ra8 Qxa8 31. Nxa8 b5 32. Nc7 b4 33. Ke2 Rg5 34. Kf2 Bf7 35. Rc1 c4 36. Na6 cxb3 37. Nxb4 d4 38. Nc6 Rf5+ 39. Kg3 Rb5 40. Nxd4 b2 41. Rc8+ Kg7 42. Nf5+ Kf6 0-1

[Event "Skara Vastgota op"]
[Site "Skara"]
[Date "2023.02.18"]
[Round "2"]
[White "Bellon Lopez, Juan Manuel"]
[Black "Bengtsson, Siv"]
[Result "1/2-1/2"]
[WhiteElo "2303"]
[BlackElo "2002"]
[PlyCount "102"]
[EventDate "2023.02.18"]
[EventType "swiss"]
[EventRounds "9"]
[EventCountry "SWE"]
[SourceTitle "CBM 212 Extra"]
[Source "ChessBase"]
[SourceDate "2023.03.31"]
[SourceVersion "1"]
[SourceVersionDate "2023.03.31"]
[SourceQuality "1"]

1. d4 Nf6 2. Bg5 g6 3. Bxf6 exf6 4. e3 d5 5. Ne2 Bg7 6. Nf4 f5 7. g3 c6 8. Nd2 Nd7 9. c4 Nf6 10. Bg2 Ne4 11. cxd5 cxd5 12. 0-0 0-0 13. Nxe4 dxe4 14. h4 Bd7 15. Qb3 b6 16. Rac1 Rc8 17. Rc3 Rxc3 18. bxc3 Qe7 19. Rc1 Be6 20. Qa4 Rc8 21. d5 Bd7 22. Qxa7 b5 23. Bf1 Qd6 24. c4 bxc4 25. Rxc4 Rxc4 26. Bxc4 h6 27. Qa8+ Kh7 28. Qd8 Bf6 29. Qa5 Be5 30. Bb3 g5 31. hxg5 hxg5 32. Ne2 f4 33. exf4 gxf4 34. Qd2 fxg3 35. Qg5 gxf2+ 36. Kxf2 Qb6+ 37. Kg2 Qg6 38. Qxg6+ Kxg6 39. a4 f5 40. a5 Bb5 41. Ng3 Bxg3 42. Kxg3 Kf6 43. Kf4 Ba6 44. Bc2 Bb5 45. Bd1 Bc4 46. d6 Ke6 47. Bh5 Kxd6 48. Kxf5 e3 49. Ke4 e2 50. Bxe2 Bxe2 51. a6 Bxa6 1/2-1/2

[Event "Skara Vastgota op"]
[Site "Skara"]
[Date "2023.02.18"]
[Round "6"]
[White "Bellon Lopez, Juan Manuel"]
[Black "Wengholm, Anders"]
[Result "0-1"]
[WhiteElo "2303"]
[BlackElo "2165"]
[PlyCount "72"]
[EventDate "2023.02.18"]
[EventType "swiss"]
[EventRounds "9"]
[EventCountry "SWE"]
[SourceTitle "CBM 212 Extra"]
[Source "ChessBase"]
[SourceDate "2023.03.31"]
[SourceVersion "1"]
[SourceVersionDate "2023.03.31"]
[SourceQuality "1"]

1. d4 d5 2. Bf4 e6 3. e3 Bd6 4. Bg3 c6 5. Nf3 Qc7 6. c4 Nd7 7. Nc3 Ngf6 8. Rc1 Bxg3 9. hxg3 0-0 10. cxd5 exd5 11. Bd3 Qd6 12. g4 g6 13. g5 Ng4 14. Rh4 f5 15. Ne2 Re8 16. Qd2 Nf8 17. Kf1 Qe7 18. Nf4 h6 19. Rxg4 fxg4 20. Ne5 hxg5 21. Nfxg6 Nxg6 22. Bxg6 Rf8 23. g3 Qf6 24. Qe2 Kg7 25. Bh5 Qh6 26. Kg2 Qxh5 27. Rh1 Qe8 28. e4 Rh8 29. Qe3 Kf6 30. exd5 Bf5 31. dxc6 bxc6 32. Rc1 Rc8 33. Re1 Qe6 34. Kg1 Qd5 35. f3 Rcd8 36. fxg4 Qh1+ 0-1

[Event "Skara Vastgota op"]
[Site "Skara"]
[Date "2023.02.18"]
[Round "3"]
[White "Bjorkman, Filip"]
[Black "Bellon Lopez, Juan Manuel"]
[Result "0-1"]
[WhiteElo "2040"]
[BlackElo "2303"]
[PlyCount "56"]
[EventDate "2023.02.18"]
[EventType "swiss"]
[EventRounds "9"]
[EventCountry "SWE"]
[SourceTitle "CBM 212 Extra"]
[Source "ChessBase"]
[SourceDate "2023.03.31"]
[SourceVersion "1"]
[SourceVersionDate "2023.03.31"]
[SourceQuality "1"]

1. e4 c5 2. Nf3 e6 3. d4 cxd4 4. Nxd4 a6 5. c4 Nf6 6. Nc3 d6 7. Be3 Nbd7 8. Be2 Qc7 9. Rc1 b6 10. 0-0 Bb7 11. f3 Be7 12. Qd2 0-0 13. Rc2 Rac8 14. Rfc1 Qb8 15. b4 Rfe8 16. Nb3 Bd8 17. a4 Bc7 18. Kh1 d5 19. exd5 Bxh2 20. dxe6 Rxe6 21. Nd4 Rxe3 22. Qxe3 Bf4 23. Qf2 Bg3 24. Qe3 Re8 25. Qg5 h6 26. Qf5 Re5 27. Qd3 Rh5+ 28. Kg1 Qf4 0-1

[Event "Skara Vastgota op"]
[Site "Skara"]
[Date "2023.02.18"]
[Round "5"]
[White "Chatalbashev, Boris"]
[Black "Bellon Lopez, Juan Manuel"]
[Result "1-0"]
[WhiteElo "2472"]
[BlackElo "2303"]
[PlyCount "47"]
[EventDate "2023.02.18"]
[EventType "swiss"]
[EventRounds "9"]
[EventCountry "SWE"]
[SourceTitle "CBM 212 Extra"]
[Source "ChessBase"]
[SourceDate "2023.03.31"]
[SourceVersion "1"]
[SourceVersionDate "2023.03.31"]
[SourceQuality "1"]

1. d4 Nf6 2. c4 a6 3. Nc3 c5 4. e3 e6 5. Nf3 d5 6. cxd5 exd5 7. Be2 Nc6 8. 0-0 Bd6 9. dxc5 Bxc5 10. b3 0-0 11. Bb2 Ba7 12. Rc1 d4 13. exd4 Nxd4 14. Nxd4 Bxd4 15. Bf3 Rb8 16. Ba3 Re8 17. Nd5 Be5 18. Ne7+ Kh8 19. Qxd8 Rxd8 20. Rfe1 Bf4 21. Rxc8 Rbxc8 22. Nxc8 Rxc8 23. g3 Rc2 24. gxf4 1-0

[Event "Vaxjo op"]
[Site "Vaxjo"]
[Date "2023.02.11"]
[Round "5"]
[White "Strom Engdahl, Alexander"]
[Black "Bellon Lopez, Juan Manuel"]
[Result "1/2-1/2"]
[WhiteElo "2097"]
[BlackElo "2303"]
[PlyCount "115"]
[EventDate "2023.02.10"]
[EventType "swiss"]
[EventRounds "8"]
[EventCountry "SWE"]
[SourceTitle "CBM 212 Extra"]
[Source "ChessBase"]
[SourceDate "2023.03.31"]
[SourceVersion "1"]
[SourceVersionDate "2023.03.31"]
[SourceQuality "1"]

1. c4 c5 2. Nc3 g6 3. e3 Bg7 4. g3 Nc6 5. Bg2 e5 6. Nge2 Nge7 7. 0-0 0-0 8. a3 d6 9. Nd5 Rb8 10. Nec3 f5 11. d3 a6 12. b4 b5 13. Rb1 bxc4 14. dxc4 e4 15. Nxe7+ Nxe7 16. Nd5 Be6 17. Qc2 cxb4 18. axb4 Nxd5 19. cxd5 Bd7 20. Bb2 Bb5 21. Bxg7 Kxg7 22. Rfc1 Bd3 23. Qc3+ Kg8 24. Ra1 Qd7 25. Bf1 Rfc8 26. Qd4 Qg7 27. Qxg7+ Kxg7 28. Rd1 Bxf1 29. Rxf1 Rb6 30. Ra5 Kf6 31. Rfa1 Ke5 32. Rxa6 Rxa6 33. Rxa6 Rc7 34. Ra5 Rb7 35. h4 h6 36. Ra8 Rxb4 37. Rh8 g5 38. h5 f4 39. gxf4+ gxf4 40. exf4+ Kxd5 41. Rxh6 Rb8 42. Rg6 Rf8 43. Rg5+ Ke6 44. h6 Rxf4 45. Rh5 Rf8 46. h7 Rh8 47. Rh6+ Kf5 48. Rxd6 Rxh7 49. Kf1 Ra7 50. Ke2 Kf4 51. Rf6+ Ke5 52. Rf8 Ra2+ 53. Ke3 Ra3+ 54. Ke2 Ra6 55. Re8+ Re6 56. Rxe6+ Kxe6 57. f3 exf3+ 58. Kxf3 1/2-1/2

[Event "Vaxjo op"]
[Site "Vaxjo"]
[Date "2023.02.10"]
[Round "1"]
[White "Karlsson, Stefan2222"]
[Black "Bellon Lopez, Juan Manuel"]
[Result "0-1"]
[WhiteElo "1778"]
[BlackElo "2303"]
[PlyCount "106"]
[EventDate "2023.02.10"]
[EventType "swiss"]
[EventRounds "8"]
[EventCountry "SWE"]
[SourceTitle "CBM 212 Extra"]
[Source "ChessBase"]
[SourceDate "2023.03.31"]
[SourceVersion "1"]
[SourceVersionDate "2023.03.31"]
[SourceQuality "1"]

1. e4 c5 2. Nf3 e6 3. c3 Nf6 4. e5 Nd5 5. Bc4 d6 6. d4 dxe5 7. dxe5 Be7 8. 0-0 0-0 9. Nbd2 Nb6 10. Bb3 Bd7 11. Qe2 Bc6 12. Rd1 Qc7 13. Ne4 N8d7 14. Bf4 Rad8 15. Nd6 Nc8 16. Ne4 Ndb6 17. c4 Rxd1+ 18. Rxd1 Rd8 19. Nfg5 h6 20. Nf3 Rxd1+ 21. Bxd1 Nd7 22. Bc2 Nf8 23. Ng3 Qa5 24. b3 Qc3 25. Ne4 Qa1+ 26. Ne1 Ng6 27. Bg3 Qd4 28. Nf3 Qa1+ 29. Ne1 Qxa2 30. Qd3 Qa1 31. f4 Nxf4 32. Nf6+ Kf8 33. Nd7+ Ke8 34. Qd2 Bxd7 35. Bxf4 Bg5 36. Bxg5 hxg5 37. Kf2 Qxe5 38. Nf3 Qf4 39. Qe2 Bc6 40. g3 Qxf3+ 41. Qxf3 Bxf3 42. Kxf3 Nd6 43. Kg4 f6 44. Kh5 Kf7 45. Bg6+ Kg8 46. Bd3 Nf5 47. Bc2 Nd4 48. Bd1 Kf7 49. Kg4 Kg6 50. Kh3 f5 51. Kg2 g4 52. Kf2 Kf6 53. Ke3 Ke5 0-1

[Event "Rilton Cup 50th"]
[Site "Stockholm"]
[Date "2023.01.02"]
[Round "6"]
[White "Zumsande, Martin"]
[Black "Bellon Lopez, Juan Manuel"]
[Result "1/2-1/2"]
[WhiteElo "2465"]
[BlackElo "2314"]
[PlyCount "127"]
[EventDate "2022.12.27"]
[EventType "swiss"]
[EventRounds "9"]
[EventCountry "SWE"]
[SourceTitle "CBM 212 Extra"]
[Source "ChessBase"]
[SourceDate "2023.03.31"]
[SourceVersion "1"]
[SourceVersionDate "2023.03.31"]
[SourceQuality "1"]

1. e4 c5 2. c3 Nf6 3. e5 Nd5 4. d4 Nc6 5. f4 cxd4 6. cxd4 d6 7. Nf3 Bf5 8. Bc4 dxe5 9. Nxe5 e6 10. 0-0 Rc8 11. Nxc6 bxc6 12. Nc3 Be7 13. Nxd5 exd5 14. Bd3 Bxd3 15. Qxd3 0-0 16. Bd2 Qb6 17. Bc3 Bf6 18. Rad1 Rfe8 19. Rfe1 h6 20. Kf1 Qb5 21. Re2 Rxe2 22. Kxe2 Re8+ 23. Kf3 Qa4 24. a3 Re4 25. g3 g6 26. Kg2 Bg7 27. Rd2 h5 28. f5 g5 29. f6 Bxf6 30. Qf3 Re6 31. Qxh5 Qc4 32. Qf3 Kf8 33. Rf2 Ke8 34. Bb4 Kd7 35. Bc5 Qc1 36. Qb3 Qe1 37. Qb7+ Ke8 38. h3 Qe4+ 39. Kh2 Qe1 40. Rg2 g4 41. Qc8+ Bd8 42. h4 Qf1 43. Bb4 Qb5 44. b3 Qb6 45. Bd2 Qc7 46. Qa8 Kf8 47. Bf4 Qd7 48. Qb8 Kg7 49. Rf2 Bf6 50. Be5 Bxe5 51. dxe5 Re8 52. Qb4 Rxe5 53. Qd4 Qe6 54. Qxa7 Re2 55. Qd4+ f6 56. a4 Rxf2+ 57. Qxf2 c5 58. Qxc5 Qe2+ 59. Kg1 Qd1+ 60. Kh2 Qe2+ 61. Kg1 Qd1+ 62. Kh2 Qe2+ 63. Kg1 Qd1+ 64. Kh2 1/2-1/2

[Event "Rilton Cup 50th"]
[Site "Stockholm"]
[Date "2022.12.31"]
[Round "5"]
[White "Bellon Lopez, Juan Manuel"]
[Black "Aditya, Mittal"]
[Result "1/2-1/2"]
[WhiteElo "2314"]
[BlackElo "2479"]
[PlyCount "80"]
[EventDate "2022.12.27"]
[EventType "swiss"]
[EventRounds "9"]
[EventCountry "SWE"]
[SourceTitle "CBM 212 Extra"]
[Source "ChessBase"]
[SourceDate "2023.03.31"]
[SourceVersion "1"]
[SourceVersionDate "2023.03.31"]
[SourceQuality "1"]

1. d4 Nf6 2. Bg5 d5 3. Bxf6 gxf6 4. e3 c5 5. Nc3 cxd4 6. exd4 Bf5 7. Bd3 Bxd3 8. Qxd3 Nc6 9. 0-0-0 e6 10. f4 f5 11. Nf3 Qc7 12. g3 0-0-0 13. Kb1 Kb8 14. Ne5 a6 15. Nxc6+ Qxc6 16. Ne2 Bd6 17. Ng1 Rc8 18. Nf3 Rc7 19. Rhe1 Rhc8 20. Re2 Qb6 21. Qb3 Qa5 22. Ne5 f6 23. Nd3 Rc6 24. Nc1 Bb4 25. Qe3 Qb6 26. Rd3 a5 27. a3 Bc3 28. b3 a4 29. Na2 Ba5 30. b4 Qb5 31. Nc3 Rxc3 32. Rxc3 Rxc3 33. Qxc3 Qxe2 34. bxa5 Qxh2 35. Qb4 Qxg3 36. Qd6+ Ka8 37. Qd8+ Ka7 38. Qb6+ Ka8 39. Qd8+ Ka7 40. Qb6+ Ka8 1/2-1/2

[Event "Skara Vastgota op"]
[Site "Skara"]
[Date "2022.10.30"]
[Round "8"]
[White "Bellon Lopez, Juan Manuel"]
[Black "Danielsson, Fredrik"]
[Result "1-0"]
[WhiteElo "2318"]
[BlackElo "2133"]
[PlyCount "65"]
[EventDate "2022.10.29"]
[EventType "swiss"]
[EventRounds "9"]
[EventCountry "SWE"]
[SourceTitle "EXT 2024"]
[Source "ChessBase"]
[SourceDate "2023.10.10"]
[SourceVersion "1"]
[SourceVersionDate "2023.10.10"]
[SourceQuality "1"]

1. d4 Nf6 2. Bg5 Ne4 3. Bh4 g5 4. f3 gxh4 5. fxe4 c5 6. e3 Bh6 7. d5 Qb6 8. Nd2 Qxb2 9. Rb1 Qf6 10. Rb3 d6 11. Ngf3 Nd7 12. Bb5 Rg8 13. Qe2 h3 14. g3 Kf8 15. Bxd7 Bxd7 16. e5 Qg6 17. e6 fxe6 18. 0-0 Kg7 19. Rxb7 Rgd8 20. e4 Kg8 21. Nc4 Rab8 22. Rxa7 Rb4 23. c3 Rxc4 24. Qxc4 Be3+ 25. Kh1 exd5 26. Qxd5+ Be6 27. Qd3 Bh6 28. Rxe7 d5 29. Ne5 Qg5 30. Rxe6 dxe4 31. Qxe4 Qd2 32. Ng4 Bg7 33. Re8+ 1-0

[Event "Skara Vastgota op"]
[Site "Skara"]
[Date "2022.10.30"]
[Round "6"]
[White "Bellon Lopez, Juan Manuel"]
[Black "Magnussen, Pal"]
[Result "1/2-1/2"]
[WhiteElo "2318"]
[BlackElo "1856"]
[PlyCount "91"]
[EventDate "2022.10.29"]
[EventType "swiss"]
[EventRounds "9"]
[EventCountry "SWE"]
[SourceTitle "EXT 2024"]
[Source "ChessBase"]
[SourceDate "2023.10.10"]
[SourceVersion "1"]
[SourceVersionDate "2023.10.10"]
[SourceQuality "1"]

1. d4 c5 2. e3 Nf6 3. Nf3 e6 4. Bd3 d5 5. c3 Be7 6. 0-0 0-0 7. Ne5 Nc6 8. f4 Ne4 9. Nxc6 bxc6 10. Qa4 Qb6 11. Bxe4 dxe4 12. dxc5 Bxc5 13. Qxe4 Ba6 14. Re1 Rad8 15. b4 Be7 16. Qc2 c5 17. bxc5 Bxc5 18. Qb3 Qc6 19. Ba3 Rb8 20. Bb4 Bc4 21. Qa3 Bxb4 22. cxb4 Bd5 23. Qc3 Qb7 24. Re2 Qxb4 25. Qxb4 Rxb4 26. Nc3 Bc4 27. Rd2 Rb7 28. Rc1 h6 29. Ne4 Bd5 30. Nc5 Rc7 31. Rdc2 Rfc8 32. a4 Bb3 33. Rc3 a5 34. e4 f5 35. e5 Bd5 36. Kf2 Rb8 37. R1c2 Rb1 38. g3 Rh1 39. Ke3 Rc8 40. h4 Rg1 41. Kd2 Rb8 42. Nd7 Rg2+ 43. Kc1 Rg1+ 44. Kd2 Rg2+ 45. Kc1 Rg1+ 46. Kd2 1/2-1/2

[Event "Skara Vastgota op"]
[Site "Skara"]
[Date "2022.10.29"]
[Round "1"]
[White "Eriksson, Magnus3333"]
[Black "Bellon Lopez, Juan Manuel"]
[Result "0-1"]
[WhiteElo "1765"]
[BlackElo "2318"]
[PlyCount "44"]
[EventDate "2022.10.29"]
[EventType "swiss"]
[EventRounds "9"]
[EventCountry "SWE"]
[SourceTitle "EXT 2024"]
[Source "ChessBase"]
[SourceDate "2023.10.10"]
[SourceVersion "1"]
[SourceVersionDate "2023.10.10"]
[SourceQuality "1"]

1. Nf3 g6 2. g3 Bg7 3. Bg2 e6 4. e4 c5 5. 0-0 Nc6 6. Nc3 Nge7 7. d3 0-0 8. Be3 Nd4 9. Rb1 d6 10. Ne2 Nec6 11. c3 Nxf3+ 12. Bxf3 b6 13. Bg2 Bb7 14. d4 Rc8 15. d5 exd5 16. exd5 Ne5 17. h3 Re8 18. b3 Ba6 19. Qd2 Rc7 20. Rfe1 Nd3 21. Rf1 Rce7 22. c4 Nxf2 0-1

[Event "SWE-chT 2223 Elite"]
[Site "Sweden"]
[Date "2022.10.16"]
[Round "3.3"]
[White "Helgason, Reynir"]
[Black "Bellon Lopez, Juan Manuel"]
[Result "0-1"]
[WhiteElo "2273"]
[BlackElo "2318"]
[PlyCount "80"]
[EventDate "2022.10.14"]
[EventType "team-tourn"]
[EventRounds "9"]
[EventCountry "SWE"]
[SourceTitle "CBM 210 Extra"]
[Source "ChessBase"]
[SourceDate "2022.11.30"]
[SourceVersion "1"]
[SourceVersionDate "2022.11.30"]
[SourceQuality "1"]
[WhiteTeam "Limhamn"]
[BlackTeam "Wasa"]
[WhiteTeamCountry "SWE"]
[BlackTeamCountry "SWE"]

1. b4 c6 2. e3 Nf6 3. c4 g6 4. Bb2 Bg7 5. Nf3 0-0 6. a4 d5 7. d4 dxc4 8. Bxc4 a5 9. bxa5 Qxa5+ 10. Nbd2 Ne4 11. 0-0 Nxd2 12. Nxd2 Nd7 13. Ba3 Qd8 14. Qb3 Nf6 15. Nf3 Ne4 16. Ne5 Bxe5 17. dxe5 Nd2 18. Qb4 Nxf1 19. Rxf1 b5 20. Bb3 bxa4 21. Ba2 Be6 22. Bxe6 fxe6 23. Qb7 Re8 24. Qxc6 Qd5 25. Qc3 Qb3 26. Qa1 Rab8 27. h3 Kf7 28. Rd1 Red8 29. Rc1 Rd3 30. Bc5 Rc8 31. Rb1 Rxc5 32. Rxb3 axb3 33. Qb1 Rc2 34. Kh2 Rdc3 35. Kg3 b2 36. Qd1 Rc1 37. Qf3+ Ke8 38. Qa8+ Rc8 39. Qa4+ R8c6 40. Qa8+ Kf7 0-1

[Event "SWE-ch Seniors 65"]
[Site "Uppsala"]
[Date "2022.07.10"]
[Round "9"]
[White "Gillefalk, Bjorn"]
[Black "Bellon Lopez, Juan Manuel"]
[Result "0-1"]
[WhiteElo "2047"]
[BlackElo "2330"]
[PlyCount "46"]
[EventDate "2022.07.02"]
[EventType "swiss"]
[EventRounds "9"]
[EventCountry "SWE"]
[SourceTitle "EXT 2024"]
[Source "ChessBase"]
[SourceDate "2023.10.10"]
[SourceVersion "1"]
[SourceVersionDate "2023.10.10"]
[SourceQuality "1"]

1. e4 c6 2. d4 d5 3. exd5 cxd5 4. Bd3 Nc6 5. c3 g6 6. Bf4 Bg7 7. Nf3 Nh6 8. Qd2 Nf5 9. 0-0 0-0 10. Na3 f6 11. Rfe1 Nd6 12. c4 dxc4 13. Nxc4 Nf7 14. h3 e6 15. Bc2 Ne7 16. Rad1 Nd5 17. Bh2 b5 18. Ne3 Bb7 19. Nxd5 Bxd5 20. Be4 Re8 21. Rc1 Bxe4 22. Rxe4 Bh6 23. Bf4 Nd6 0-1

[Event "SWE-ch Seniors 65"]
[Site "Uppsala"]
[Date "2022.07.03"]
[Round "2"]
[White "Bellon Lopez, Juan Manuel"]
[Black "Franzen, Thomas"]
[Result "1-0"]
[WhiteElo "2330"]
[BlackElo "1997"]
[PlyCount "77"]
[EventDate "2022.07.02"]
[EventType "swiss"]
[EventRounds "9"]
[EventCountry "SWE"]
[SourceTitle "EXT 2024"]
[Source "ChessBase"]
[SourceDate "2023.10.10"]
[SourceVersion "1"]
[SourceVersionDate "2023.10.10"]
[SourceQuality "1"]

1. d4 f5 2. g3 Nf6 3. Bg2 g6 4. Nf3 Bg7 5. 0-0 0-0 6. b3 d6 7. Bb2 Na6 8. Nbd2 c6 9. Re1 Ne4 10. e3 Qc7 11. Rc1 Nac5 12. Ba1 Nxd2 13. Nxd2 Nd7 14. a4 e5 15. dxe5 Nxe5 16. f4 Ng4 17. Bxg7 Qxg7 18. Bf3 Nf6 19. Nc4 d5 20. Ne5 Nd7 21. Nxd7 Bxd7 22. c4 dxc4 23. Rxc4 Rad8 24. Rd4 Qe7 25. Re2 Bc8 26. Kf2 c5 27. Bd5+ Kg7 28. Rd3 b6 29. Red2 Rfe8 30. Bc6 Rxd3 31. Rxd3 Rf8 32. Bd7 Kh6 33. Bxc8 Rxc8 34. Rd7 Qf6 35. Qd2 Qc6 36. g4 fxg4 37. e4 Qxe4 38. f5+ g5 39. Qd6+ 1-0